[Event "Usar Tolas 2nd"]
[Site "Lisbon"]
[Date "2004.04.06"]
[Round "3"]
[White "Rodrigues, Jose AA"]
[Black "Oliveira, Rogerio"]
[Result "1-0"]
[WhiteElo "2058"]
[BlackElo "1801"]
[PlyCount "61"]
[EventDate "2004.03.23"]
[EventType "tourn"]
[EventRounds "6"]
[EventCountry "POR"]
[SourceTitle "EXT 2005"]
[Source "ChessBase"]
[SourceDate "2004.11.15"]
[SourceVersion "1"]
[SourceVersionDate "2004.11.15"]
[SourceQuality "1"]

1. d4 d5 2. c4 e6 3. Nc3 Nf6 4. cxd5 exd5 5. Bg5 Be7 6. e3 c6 7. Bd3 Nbd7 8. Nge2 0-0 9. Qc2 h6 10. Bh4 Re8 11. f3 Nf8 12. 0-0 N6h7 13. Bf2 Bh4 14. Ng3 Bd7 15. b4 Ng5 16. b5 Rc8 17. bxc6 Rxc6 18. Qb3 Be6 19. Bb5 Rxc3 20. Qxc3 Re7 21. Rfe1 f5 22. Ne2 Bxf2+ 23. Kxf2 Qb8 24. Nf4 Kh7 25. Bd3 Ng6 26. Nxe6 Rxe6 27. Bxf5 Rf6 28. Bxg6+ Kxg6 29. Qc2+ Ne4+ 30. Kf1 Rc6 31. Qd3 1-0

[Event "Usar Tolas 2nd"]
[Site "Lisbon"]
[Date "2004.??.??"]
[Round "5"]
[White "Silva, Firmino"]
[Black "Oliveira, Rogerio"]
[Result "1-0"]
[WhiteElo "2035"]
[BlackElo "1800"]
[PlyCount "52"]
[EventDate "2004.03.23"]
[EventType "tourn"]
[EventRounds "6"]
[EventCountry "POR"]
[SourceTitle "EXT 2005"]
[Source "ChessBase"]
[SourceDate "2004.11.15"]
[SourceVersion "1"]
[SourceVersionDate "2004.11.15"]
[SourceQuality "1"]

1. e4 c5 2. Nf3 Nc6 3. d3 e6 4. g3 Nf6 5. Bg2 Be7 6. 0-0 0-0 7. Re1 e5 8. Nbd2 d6 9. Nf1 Bg4 10. c3 b5 11. h3 Bxf3 12. Qxf3 b4 13. Ne3 bxc3 14. bxc3 Qa5 15. Bd2 Rab8 16. Nf5 Kh8 17. Bg5 Qxc3 18. Nxe7 Nd4 19. Qxf6 Nc2 20. Nf5 Rg8 21. Nxg7 Rxg7 22. Bh6 Rbg8 23. Rab1 Nb4 24. h4 Qa3 25. h5 Qxa2 26. Bxg7+ Rxg7 1-0